Gaming Quiz

Random Gaming Quiz
Score 0/258 Timer 20:00
0 Plays Today
Type Game % Correct
Season 1Sonic '06
88.9%
Season 2Super Mario Sunshine
74.7%
Season 1 Vs.Mario Party 4
70%
Season 2Mike Tyson's Punch-Out!!
67.3%
Season 1Kirby Super Star
65.9%
Season 1The Legend of Zelda: A Link to the Past
65.7%
Season 2The Legend of Zelda
65.4%
Season 1 Vs.Mario Party 8
65.2%
Season 2The Legend of Zelda: Wind Waker HD
64.6%
Season 2Kirby's Epic Yarn
64.5%
Season 1Pokemon Emerald
63.2%
Season 2Super Mario Bros. 2
62.9%
Season 1 Vs.Mario Party 2
62.7%
Season 1Goof Troop
61.2%
Season 2Super Mario Bros.
60.6%
Season 2Super Mario Bros. 3
60.3%
Season 1Mega Man 7
60%
Season 2Pokemon FireRed
59.8%
Season 2Punch-Out!!
58.5%
Season 2Secret of Mana
57.8%
Season 1 Vs.Super Smash Bros. Brawl
57.5%
Season 2Super Mario World
56.8%
Season 2Mega Man 2
56.5%
Season 1Banjo Kazooie
55.9%
Season 1Mega Man X
55.9%
Season 1Secret of Mana
55.6%
Season 1Castlevania
52.8%
Season 2 Vs.Mario Party 8
52%
Season 1 Vs.Wheel of Fortune
51.9%
Season 2Mega Man 3
46.3%
Season 2Strider
45.4%
Season 1 Vs.Jeopardy
45.3%
Season 1Donkey Kong Country
45%
Season 1 One-OffsMary-Kate and Ashley: Sweet 16 - Licensed to Drive
43.4%
Season 2Out of this World
43%
Season 2 One-OffsDennis the Menace
43%
Season 1 One-OffsMary-Kate and Ashley: Magical Mystery Mall
42.5%
Season 1 One-OffsThe New Adventures of Mary-Kate & Ashley
42.4%
Season 2 One-OffsContra
41.1%
Season 1Castlevania III: Dracula's Curse
41%
Season 1 Vs.Kirby Air Ride
40.4%
Season 1Chulip
40.2%
Season 2Super Metroid
39.2%
Season 1Donkey Kong Country 2: Diddy Kong's Quest
38.9%
Season 1Kirby's Return to Dreamland
36.7%
Season 2Silent Hill: Shattered Memories
35.8%
Season 1 Vs.You Don't Know Jack
35.7%
Season 1 One-OffsSuper Mario Land
35.7%
Season 2 Vs.Gundam: Battle Assault 2
35.1%
Season 1Super Star Wars
34.8%
Season 1 Vs.Family Feud
34.8%
Season 2Super Castlevania IV
34.6%
Season 1Aladdin
34.5%
Season 1Aladdin (Genesis)
34.5%
Season 1Super Mario World 2: Yoshi's Island
33.9%
Season 2Skyblazer
33.7%
Season 2 Vs.Family Feud
33.7%
Season 1Animal Crossing: City Folk
33.1%
Season 2 Vs.Jeopardy!
32.9%
Season 1Nintendoland
32.7%
Season 1Strider 2
32%
Season 1New Super Mario Bros. Wii
31.6%
Season 1Glover
31.4%
Season 1 Vs.Nickelodeon Guts
30.7%
Season 1 One-OffsDrakkhen
29.8%
Season 2 One-OffsAmazing Frog?
29.8%
Season 2Shadow the Hedgehog
29.3%
Season 1 Vs.Goldeneye 007
28.5%
Season 2Shadow of the Colossus
28.5%
Season 1Zombies Ate My Neighbors
28.3%
Season 1Mega Man X7
28.3%
Season 1Star Fox 64
28%
Season 1Naughty Bear
27.6%
Season 2Jackal
26.9%
Season 1 Vs.Pokemon Stadium
26.8%
Season 2Super C
26.4%
Season 2 One-OffsEndless Ocean
26.3%
Season 1Stretch Panic
26.2%
Season 2 One-OffsKarate Kid
26.1%
Season 1 One-OffsBattletoads
26%
Season 2 One-OffsMickey Mousecapade
25.8%
Season 2 Vs.Dragon Ball Z: Burst Limit
25.3%
Season 1 One-OffsDead Space 3
25.2%
Season 1Mister Mosquito
24.8%
Season 1 Vs.Naruto Shippuden Ultimate Ninja Storm Generations
24.3%
Season 1Super Mario Land 2: 6 Golden Coins
24.2%
Type Game % Correct
Season 2 One-OffsCool Spot
24.1%
Season 1Contra III: The Alien Wars
23.5%
Season 2Journey to Silius
23.5%
Season 2 One-OffsHome Alone
23.5%
Season 2Batman: The Video Game
23.2%
Season 1Shatterhand
23%
Season 2 Vs.Kirby's Dream Course
22.4%
Season 2 One-OffsRadical Rex
22.2%
Season 2Katamari Damacy
22.1%
Season 1Resident Evil
21.9%
Season 2Karnov
21.9%
Season 1Joe & Mac
21.7%
Season 1Wario World
21.7%
Season 1Donkey Kong Country Returns
21.6%
Season 2 One-OffsPinocchio
21.6%
Season 1 Vs.Who Wants to be a Millionaire
21.3%
Season 1 Vs.Godzilla: Destroy All Monsters Melee
21.2%
Season 1 Vs.Godzilla: Kaijuu Daikessen
21.1%
Season 2 One-OffsNinjabread Man
21%
Season 1Pocky & Rocky
21%
Season 1 One-OffsNew Super Mario Bros. U
21%
Season 2 One-OffsChester Cheetah: Too Cool to Fool
21%
Season 1Portal 2
20.9%
Season 1 Vs.NBA Jam
20.5%
Season 2 One-OffsAlfred Chicken
20.5%
Season 2 One-OffsThe Lion King
20.3%
Season 2 Vs.Pac-Attack
20.3%
Season 2 One-OffsGoosebumps HorrorLand
20.2%
Season 1Mighty Morphin Power Rangers
20%
Season 2 Vs.Mario Golf
19.9%
Season 1 Vs.PlayStation All-Stars Battle Royale
19.7%
Season 2Kid Icarus
19.7%
Season 1 One-OffsStar Wars: Rogue Squadron
19.6%
Season 2 One-OffsBrothers: A Tale of Two Sons
19.4%
Season 2Castlevania Dracula X
19.3%
Season 1 One-OffsThe Jungle Book
19.3%
Season 1Bayonetta
19.1%
Season 1 Vs.The Price is Right
19.1%
Season 2Maniac Mansion
18.5%
Season 2Dead or Alive Xtreme 2
18.3%
Season 1The Typing of the Dead
18.2%
Season 1 Vs.Mario Golf Toadstool Tour
18.2%
Season 1 One-OffsRugrats in Paris: The Movie
18.2%
Season 2 Vs.Wheel of Fortune Junior Edition
17.9%
Season 2Heart of Darkness
17.9%
Season 1The Adventures of Cookie & Cream
17.6%
Season 2 Vs.Super Tennis
17.4%
Season 1Shenmue
17.2%
Season 1 One-OffsPlok
17.2%
Season 1 One-OffsShovel Knight
17.2%
Season 2The Goonies II
17.1%
Season 1 Vs.Monopoly
16.9%
Season 1 One-OffsChuck E. Cheese's Party Games
16.8%
Season 2 One-OffsTotally Rad
16.8%
Season 2 Vs.Hollywood Squares
16.7%
Season 1Wild Guns
16.5%
Season 2 One-OffsFlashback
16.3%
Season 1Gradius III
16%
Season 1 One-OffsDog's Life
16%
Season 1 Vs.ChuChu Rocket!
15.9%
Season 2Rygar
15.9%
Season 1Universal Studios Theme Parks Adventure
15.6%
Season 1Metal Slug X
15.6%
Season 1 One-OffsA Bug's Life
15.5%
Season 1 Vs.Space Jam
15.4%
Season 1 One-OffsCrayon Shin-Chan
15.2%
Season 1Viewtiful Joe
15%
Season 2 One-OffsThe Three Stooges
14.9%
Season 2 One-OffsCharlie Murder
14.8%
Season 2 One-OffsSpider-Man and Venom: Maximum Carnage
14.8%
Season 1One Piece Mansion
14.3%
Season 1Incredible Crisis
14.2%
Season 2 One-OffsChuck Rock
14.1%
Season 2Go Vacation
13.9%
Season 1Demon's Souls
13.6%
Season 2 Vs.Ballz
13.5%
Season 1 One-OffsSpice World
13.5%
Season 1Adventures in the Magic Kingdom
13.3%
Season 2 One-OffsSkate or Die 2: The Search for Double Trouble
13.3%
Season 2 Vs.Bubble Bobble
13.2%
Season 1Demon's Crest
13.2%
Season 2 One-OffsKendo Rage
13.2%
Season 1 Vs.Chivalry
13%
Season 1Clash at Demonhead
12.8%
Season 2 One-OffsMyth Makers: Trixie in Toyland
12.6%
Season 2 One-OffsDuck Tales
12.6%
Type Game % Correct
Season 2 One-OffsTeenage Mutant Ninja Turtles: Out of the Shadows
12.4%
Season 1Amazing Island
12.3%
Season 1Legend of the Mystical Ninja
12.2%
Season 2Night Trap
12.2%
Season 2Sparkster
12.2%
Season 1Run Saber
12%
Season 2 Vs.Ribbit King
12%
Season 1 Vs.Clayfighter 63 1/3
11.9%
Season 1 One-OffsAstyanax
11.7%
Season 1 One-OffsThe Blues Brothers
11.4%
Season 2Parodius! From Myth to Laughter
11.4%
Season 1 Vs.Arcana Heart
11.3%
Season 2 One-OffsB.O.B.
11.2%
Season 2 Vs.Saturday Night Slam Masters
11.1%
Season 2 Vs.Tecmo Bowl
11%
Season 2 One-OffsThe Adventures of Tom Sawyer
11%
Season 1 Vs.SoulCalibur 2
10.9%
Season 1 Vs.Furu Furu Park
10.4%
Season 1 One-OffsPaperboy 64
10.4%
Season 1The Great Circus Mystery Starring Mickey & Minnie
10.2%
Season 2 Vs.Battle Chess
10.2%
Season 1Magic Sword
10.1%
Season 2 Vs.Slalom
9.8%
Season 2Gun.Smoke
9.8%
Season 1The King of Dragons
9.6%
Season 2 One-OffsElf Bowling
9.6%
Season 2 One-OffsSpanky's Quest
9.6%
Season 1 Vs.Puyo Pop Fever
9.4%
Season 1 One-OffsToki
9.4%
Season 2 Vs.Press Your Luck
9.3%
Season 2 One-OffsThe Daring Game for Girls
9.3%
Season 2 One-OffsD-Force
9.2%
Season 1 One-OffsKickle Cubicle
9.1%
Season 1 One-OffsDoom Troopers
9%
Season 1 Vs.Cel Damage
8.9%
Season 2 One-OffsThe Addams Family: Pugsley's Scavenger Hunt
8.8%
Season 1 Vs.Mario Power Tennis
8.7%
Season 1 Vs.Castlevania Judgment
8.7%
Season 1 One-OffsInspector Gadget
8.7%
Season 1 Vs.Bill Laimbeer's Combat Basketball
8.5%
Season 1 One-OffsTop Shop
8.5%
Season 1 Vs.Rakuga Kids
8.4%
Season 1 One-OffsWinter Olympics
8.4%
Season 1 Vs.Snowboard Kids 2
8.3%
Season 1 Vs.BattleTanx: Global Assault
8.3%
Season 1 One-OffsUltraman: Towards the Future
8.3%
Season 2 One-OffsHello Kitty Seasons
8.3%
Season 2Chip 'n Dale Rescue Rangers 2
8.1%
Season 2 One-OffsPlay with the Teletubbies
8.1%
Season 1 One-OffsPsycho Dream
7.8%
Season 1 Vs.Dream Mix TV World Fighters
7.5%
Season 1 Vs.Teenage Mutant Ninja Turtles: Tournament Fighters
7.5%
Season 2 One-OffsPhantom Fighter
7.4%
Season 2 Vs.Dokapon Kingdom
7.3%
Season 2Gauntlet II
7.3%
Season 1 Vs.World Driver Championship
7.3%
Season 2 One-OffsCaptain Planet
7%
Season 2 Vs.Biker Mice From Mars
6.9%
Season 2 One-OffsThe 3-D Battles of WorldRunner
6.9%
Season 2 One-OffsV.I.P.
6.9%
Season 1 One-OffsTimon & Pumbaa's Jungle Games
6.8%
Season 1 One-OffsDJ Boy
6.5%
Season 2 Vs.Sheep
6.5%
Season 2 Vs.Cooking Mama: Cook Off
6.5%
Season 2Disney Princess: Enchanted Journey
6.5%
Season 1 One-OffsSengoku Basara: Samurai Heroes
6.2%
Season 2 One-OffsSuper Puzzle Fighter II Turbo
6.1%
Season 1 Vs.Ultimate Muscle: Legends vs. New Generation
6.1%
Season 1 Vs.Fighter Destiny 2
5.8%
Season 1 Vs.Super Bomberman 2
5.8%
Season 1 Vs.Weaponlord
5.7%
Season 2 Vs.No Brakes Valet
5.7%
Season 2 Vs.Pooh's Party Game
5.7%
Season 2 Vs.You Don't Know Jack Mock 2
5.3%
Season 2 Vs.WWF WrestleMania Challenge
5.3%
Season 2 Vs.Disney Think Fast: The Ultimate Trivia Showdown
4.9%
Season 2 One-OffsBuild-A-Bear-Workshop: Friendship Valley
4.9%
Season 2 Vs.Family Feud Decades
4.6%
Season 2 Vs.Survivor
4.5%
Season 2 Vs.The 1,000,000 Dollar Pyramid
4.3%
Season 1 Vs.Mighty Morphin Power Rangers: The Fighting Edition
3.7%
Season 2 One-OffsLizzie McGuire 3: Homecoming Havoc
3.7%
Season 2 Vs.The Price is Right Decades
2.8%
Season 2 Vs.Bombball
2.4%
Season 2 Vs.Wheel of Fortune (PS2)
1.5%
Season 2 One-OffsKabuki Qauntum Fighter
0.4%
Remove Ads.
Support Sporcle.
Get the best of Sporcle when you Go Orange. This ad-free experience offers more features, more stats, and more fun while also helping to support Sporcle. Thank you for becoming a member.

You're not logged in!

Compare scores with friends on all Sporcle quizzes.
OR
Log In

Show Comments

Extras

Created Sep 30, 2013ReportNominate
Tags:count, episode

Top Quizzes Today


Score Distribution

Your Account Isn't Verified!

In order to create a playlist on Sporcle, you need to verify the email address you used during registration. Go to your Sporcle Settings to finish the process.

Report this User

Report this user for behavior that violates our Community Guidelines.

Details: